[Event "ch-BUL S/F Men"]
[Site "Plovdiv BUL"]
[Date "2010.01.25"]
[Round "2"]
[White "Berbatov,K"]
[Black "Panajotov,J"]
[Result "1/2-1/2"]
[WhiteElo "2455"]
[BlackElo "2211"]

1.e4 c5 2.Nf3 e6 3.d4 cxd4 4.Nxd4 a6 5.Bd3 Ne7 6.Nd2 Nec6 7.Nxc6 Nxc6 8.f4 d5
9.e5 Bc5 10.Nf3 b5 11.Qe2 Qb6 12.Bd2 b4 13.g4 a5 14.h4 Ba6 15.h5 Bxd3 16.Qxd3 Qa6
17.Ke2 Nd4+ 18.Nxd4 Bxd4 19.c3 Bc5 20.Rac1 Kd7 21.c4 Rac8 22.cxd5 Qxd3+ 23.Kxd3 exd5
24.f5 Rhe8 25.h6 g6 26.e6+ fxe6 27.fxg6 hxg6 28.h7 e5 29.Rxc5 Rxc5 30.h8=Q Rxh8
31.Rxh8 Rc4 32.Ra8 Rxg4 33.Rxa5 Kc6 34.Ra6+ Kc5 35.Ra5+ Kc6 36.Ra4 Kb5 37.b3 g5
38.Kc2 Kc5 39.a3 Rg2 40.axb4+ Kd4 41.b5+ Kc5 42.Ra6 e4 43.Re6 Kxb5 44.Re5 Kc5
45.Rxg5 Rh2 46.Kd1 Rh3 47.b4+ Kc4 48.Rg8 Kd3 49.Be1 e3 50.b5 Rh1 51.Rg2 d4
52.b6 Rh6 53.Rb2 e2+ 54.Kc1 Rc6+ 55.Kb1 Rc8 56.b7 Rb8 57.Rb4 Ke4 58.Rb5 Kd3
59.Ka2 Kc4 60.Rb1 d3 61.Rb2 Kd5 62.Bg3 Kc6 63.Bxb8 e1=Q 64.Bf4 Qa5+ 65.Kb1 Qe1+
66.Bc1 d2 67.b8=N+ Kc5 68.Rxd2 Qe4+ 69.Rc2+ Kb4 70.Na6+ Kb5 71.Nc7+ Kb6 72.Bf4 Kb7
73.Bh2 Qe1+ 74.Ka2 Qe4 75.Rb2+ Kc6 76.Ka3 Qe3+  1/2-1/2

[Event "2nd Chennai Open"]
[Site "Chennai IND"]
[Date "2010.01.28"]
[Round "5"]
[White "Barua,D"]
[Black "Ramakrishna,J"]
[Result "1/2-1/2"]
[WhiteElo "2493"]
[BlackElo "2242"]

1.e4 c5 2.Nf3 e6 3.d4 cxd4 4.Nxd4 a6 5.Bd3 Nf6 6.O-O d6 7.c4 b6 8.Nc3 Bb7
9.Qe2 Be7 10.Rd1 Nc6 11.Nf3 Qc7 12.Bf4 Ne5 13.Rac1 O-O 14.b3 Rfd8 15.Bb1 Ng6
16.Be3 Rac8 17.Nd4 Qb8 18.f4 Nf8 19.Bf2 N6d7 20.g4 Bf6 21.g5 Bxd4 22.Bxd4 e5
23.fxe5 Nxe5 24.Rf1 Ne6 25.Be3 Re8 26.Nd5 Bxd5 27.exd5 Nf8 28.a4 Qb7 29.Bf5 Rc7
30.Bd4 b5 31.axb5 axb5 32.Qe4 Rce7 33.c5 Nc4 34.c6 Qc7 35.Qd3 Ne3 36.Bxe3 Rxe3
37.Qxb5 Qe7 38.c7 Re2 39.Qxe2 Qxe2 40.c8=Q Rxc8 41.Rxc8 Qe3+ 42.Kh1 g6 43.Be6 Qe4+
44.Kg1 Qe3+ 45.Kh1 Qe4+ 46.Kg1  1/2-1/2

[Event "2nd Chennai Open"]
[Site "Chennai IND"]
[Date "2010.01.28"]
[Round "5"]
[White "Sidhant,M"]
[Black "Mishra,So"]
[Result "1/2-1/2"]
[WhiteElo "2029"]
[BlackElo "2277"]

1.e4 c5 2.Nf3 e6 3.d4 cxd4 4.Nxd4 a6 5.Bd3 Nc6 6.Nxc6 dxc6 7.O-O e5 8.c4 Nf6
9.Nc3 Bc5 10.h3 Be6 11.Qe2 O-O 12.Bg5 h6 13.Bh4 g5 14.Bg3 Nd7 15.Nd1 Qb6
16.Ne3 Bxe3 17.fxe3 Rad8 18.b3 f6 19.Be1 Bf7 20.Bc2 Bg6 21.b4 c5 22.b5 Qe6
23.a4 Kg7 24.Ba5 b6 25.Bc3 Rfe8 26.Rfd1 a5 27.Rd5 Nf8 28.Rad1 Qe7 29.Qd2 Ne6
30.Rd7 Rxd7 31.Qxd7 Bf7 32.Qc6 Rb8 33.Rd7 Qe8 34.Kf2 Nd8 35.Qd6 Ne6 36.Re7 Qc8
37.Bd1 Rb7 38.Bh5 Rxe7 39.Qxe7 Qc7 40.Qxf7+ Qxf7 41.Bxf7 Kxf7 42.g4 Kg7 43.Kf3 Nc7
44.Ke2 Ne8 45.Be1 h5 46.Bc3 hxg4 47.hxg4 Kf7 48.Bd2 Ke6 49.Bc3 Nd6 50.Kd3  1/2-1/2

[Event "8th Gibtelecom Masters"]
[Site "Caleta ENG"]
[Date "2010.01.29"]
[Round "4"]
[White "Istratescu,A"]
[Black "Kozlov,O"]
[Result "1-0"]
[WhiteElo "2607"]
[BlackElo "2279"]

1.e4 c5 2.Nf3 e6 3.d4 cxd4 4.Nxd4 a6 5.Bd3 Qb6 6.Be3 Qxb2 7.Nd2 Qc3 8.O-O Qc7
9.e5 d6 10.f4 Nd7 11.f5 Nxe5 12.fxe6 fxe6 13.Ne4 Be7 14.Qh5+ g6 15.Qh3 Qd7
16.Rae1 Kd8 17.Ng5 Bxg5 18.Bxg5+ Kc7 19.Rf8 Qg7 20.Ref1 Ne7 21.Rxc8+ Kxc8
22.Nxe6 Qg8 23.Rf8+ Qxf8 24.Nxf8+ Nf5 25.Nxg6 Nxg6 26.Bxf5+ Kc7 27.Qc3+ Kb8
28.Bxg6 Rg8 29.Qf6  1-0

[Event "8th Gibtelecom Masters"]
[Site "Caleta ENG"]
[Date "2010.01.29"]
[Round "4"]
[White "Videnova,I"]
[Black "Fokin,Se RUS"]
[Result "1-0"]
[WhiteElo "2301"]
[BlackElo "2109"]

1.e4 c5 2.Nf3 e6 3.d4 cxd4 4.Nxd4 a6 5.Bd3 Bc5 6.Nb3 Ba7 7.Qg4 Nf6 8.Qg3 d6
9.Nc3 Nc6 10.f4 h5 11.Be3 h4 12.Qf3 Bxe3 13.Qxe3 e5 14.f5 b5 15.a3 Bb7 16.O-O Ne7
17.Rad1 Ng4 18.Qf3 Qb6+ 19.Kh1 Nf6 20.Qe2 Nh5 21.Qf2 Qxf2 22.Rxf2 Rd8 23.Kg1 Nf6
24.Re1 Nc8 25.Na5 Ba8 26.a4 bxa4 27.Bxa6 Nb6 28.Nc4 Nxc4 29.Bxc4 Bc6 30.Rd2 Ke7
31.Bb5 Rc8 32.Bxa4 Bxa4 33.Nxa4 Rc4 34.b3 Rxe4 35.Red1 Rc8 36.c4 Re3 37.Rd3 Rxd3
38.Rxd3 Rb8 39.Nc3 g5 40.h3 Rb7 41.g3 hxg3 42.Rxg3 Ra7 43.Rxg5 Ra1+ 44.Kh2 Rc1
45.Nb5 Rb1 46.Rg3 Rf1 47.Rd3 e4 48.Rxd6 Rf2+ 49.Kg1 Rxf5 50.Rb6 Nd7 51.Rb7 Rg5+
52.Kf2 Rf5+ 53.Ke2 Rh5 54.b4 Rxh3 55.c5 Rh6 56.Nd4 Kd8 57.c6 Ne5 58.b5 Rh2+
59.Ke3 Nc4+ 60.Kf4 Rf2+ 61.Kxe4 Nd6+ 62.Ke3 Nxb7 63.cxb7  1-0

[Event "8th Gibtelecom Masters"]
[Site "Caleta ENG"]
[Date "2010.01.29"]
[Round "4"]
[White "Kapnisis,S"]
[Black "Rioseco Pinochet,F"]
[Result "1/2-1/2"]
[WhiteElo "2510"]
[BlackElo "2226"]

1.e4 c5 2.Nf3 e6 3.d4 cxd4 4.Nxd4 a6 5.Bd3 Qc7 6.O-O Nf6 7.Kh1 d6 8.f4 Be7
9.c4 Nbd7 10.Nc3 O-O 11.Qe2 b6 12.Bd2 Bb7 13.Rae1 g6 14.e5 dxe5 15.fxe5 Nh5
16.Bh6 Ng7 17.Nd5 exd5 18.e6 Bf6 19.exf7+ Rxf7 20.Bxg7 Rxg7 21.Ne6 Qd6 22.Nxg7 Kxg7
23.Qe6 Qxe6 24.Rxe6 Rf8 25.cxd5 Rf7 26.b4 b5 27.Bc2 Bxd5 28.Rxa6 Bc4 29.Rd1 Ne5
30.h3 Be7 31.a4 Rf2 32.Ra7 Kf6 33.Be4 Bb3 34.Ra6+ Kg5 35.Rc1 Kf4 36.axb5 Kxe4
37.b6 Bd5 38.b7 Bxb7 39.Ra7 Bd5 40.Rxe7 Kd4 41.Rd1+ Nd3 42.Rd7 Rf5 43.Rxh7 Ke3
44.Re7+ Be4 45.Ra1 Rg5 46.Ra2 Kd4 47.Rd7+ Bd5 48.Kh2 Nxb4 49.Rb2 Nd3 50.Rc2 Nf4
51.Rb2 Ke5 52.g3 Nd3 53.Re2+ Kd4 54.g4 Nf4 55.Re1 Nd3  1/2-1/2

[Event "8th Gibtelecom Masters"]
[Site "Caleta ENG"]
[Date "2010.02.01"]
[Round "7"]
[White "Guliyev,N"]
[Black "Koneru,H"]
[Result "0-1"]
[WhiteElo "2516"]
[BlackElo "2614"]

1.e4 c5 2.Nf3 e6 3.d4 cxd4 4.Nxd4 a6 5.Bd3 Bc5 6.Nb3 Be7 7.Be3 d6 8.N1d2 Nf6
9.f4 Nc6 10.Qe2 Nb4 11.O-O O-O 12.a4 Bd7 13.a5 Rc8 14.Bb6 Qe8 15.Nf3 Bb5
16.Nfd4 Bxd3 17.cxd3 Nd7 18.Rfc1 Nxb6 19.axb6 Nc6 20.Qe3 Bd8 21.Ne2 Ne7 22.Na5 Rxc1+
23.Rxc1 Qb5 24.Nc4 d5 25.Nd4 Qb4 26.Nc2 Qb3 27.Nd4 Qa4 28.exd5 exd5 29.Nd6 Qd7
30.Qe5 Bxb6  0-1

[Event "2nd Chennai Open"]
[Site "Chennai IND"]
[Date "2010.02.02"]
[Round "10"]
[White "Ramakrishna,J"]
[Black "Prakash,G"]
[Result "0-1"]
[WhiteElo "2242"]
[BlackElo "2389"]

1.e4 c5 2.Nf3 e6 3.d4 cxd4 4.Nxd4 a6 5.Bd3 Bc5 6.Nb3 Be7 7.O-O d6 8.Nc3 Nf6
9.f4 Nbd7 10.Qe2 Qc7 11.Bd2 b5 12.Rae1 Bb7 13.e5 Nd5 14.f5 Nxe5 15.fxe6 fxe6
16.Qh5+ Kd7 17.Qh3 Qb6+ 18.Kh1 Raf8 19.Ne4 Rxf1+ 20.Rxf1 Rf8 21.Rxf8 Bxf8
22.Qxh7 Ne3 23.Ba5 Qa7 24.Bc3 Nf5 25.Nec5+ dxc5 26.Bxf5 Qb8 27.Be4 Qd6 28.Qh5 Bxe4
29.Bxe5 Qd5 30.h3 g6 31.Qh7+ Ke8 32.Bf4 Qd1+ 33.Kh2 Qf1  0-1

[Event "15th HIT Open B"]
[Site "Nova Gorica SLO"]
[Date "2010.02.02"]
[Round "4"]
[White "Pirs,M2"]
[Black "Jaksa,C"]
[Result "1/2-1/2"]
[WhiteElo "1867"]
[BlackElo "2042"]

1.e4 e6 2.d4 c5 3.Nf3 cxd4 4.Nxd4 a6 5.Bd3 Nf6 6.O-O d6 7.c4 Bd7 8.Nc3 Nc6
9.Nxc6 Bxc6 10.Be3 Be7 11.Qe2 Qa5 12.a3 O-O 13.b4 Qh5 14.f3 Rfd8 15.Rfd1 d5
16.cxd5 exd5 17.exd5 Nxd5 18.Nxd5 Bxd5 19.Qf2 Bh4 20.Qf1 Qe5 21.Bb6 Rd7 22.Kh1 g6
23.Be4 Qe6 24.Rxd5 Rxd5 25.Bxd5 Qxb6 26.Qc4 Qf6 27.Rf1 b5 28.Qb3 Rd8 29.g3 Bg5
30.f4 Bh6 31.Rd1 Rd7 32.Kg2 Bf8 33.Rd3 Kg7 34.Bf3 Rc7 35.Re3 Be7 36.h4 h5
37.Rd3 Qb6 38.Qd1 Bf6 39.Qd2 Qe6 40.Bd5 Qf5 41.Bf3 Qc8 42.Bd1 Rc1 43.Rd7 Rc3
44.Rd3 Qc4 45.Rxc3 Bxc3 46.Qc2 Qd4 47.Bf3 Bb2 48.Bb7 Bxa3 49.Bxa6 Bxb4 50.Qe2  1/2-1/2

[Event "ch-ROU m"]
[Site "Baile Olanesti ROU"]
[Date "2010.02.03"]
[Round "5"]
[White "Daianu,C"]
[Black "Stegariu,V"]
[Result "1-0"]
[WhiteElo "2290"]
[BlackElo "2036"]

1.e4 c5 2.Nf3 e6 3.d4 cxd4 4.Nxd4 a6 5.Bd3 Bc5 6.Nb3 Ba7 7.Nc3 Nc6 8.Qe2 d6
9.Bf4 Nge7 10.h4 Ng6 11.Bg3 b5 12.O-O-O b4 13.Na4 Qc7 14.h5 Nge5 15.f4 Nxd3+
16.Qxd3 Bb8 17.Bf2 a5 18.Nd4 Nxd4 19.Bxd4 O-O 20.Qg3 e5 21.fxe5 dxe5 22.Bc5 Re8
23.h6 f6 24.Nb6 Ra7 25.Nxc8 Rxc8 26.Qb3+ Qf7 27.Bxa7 Qxb3 28.axb3 Bxa7 29.hxg7 Bd4
30.Rh3 Kxg7 31.Rdh1 h6 32.Kb1 Rh8 33.c3 Bc5 34.Rd1 Kg6 35.Rd5 Rc8 36.Rg3+ Kf7
37.Rd7+ Be7 38.Ra7 Rc5 39.Rd3 Ke6 40.Rd5 Rc6 41.Rdxa5 Rc8 42.R5a6+ Kf7 43.Rb6 bxc3
44.bxc3 Ke8 45.Re6  1-0

[Event "2nd Chennai Open"]
[Site "Chennai IND"]
[Date "2010.02.03"]
[Round "11"]
[White "Dimakiling,O"]
[Black "Jumabayev,R"]
[Result "0-1"]
[WhiteElo "2435"]
[BlackElo "2536"]

1.d4 e6 2.Nf3 c5 3.e4 cxd4 4.Nxd4 a6 5.Bd3 Qc7 6.O-O Nf6 7.Qe2 h5 8.h3 d6
9.Nc3 Nbd7 10.Bg5 b5 11.a4 b4 12.Nd5 exd5 13.exd5+ Ne5 14.f4 Qc5 15.c3 bxc3
16.bxc3 Qxc3 17.Bb5+ axb5 18.Nxb5 Qc5+ 19.Kh1 Qc4 20.Qe1 Nxd5 21.fxe5 Be6
22.exd6 Kd7 23.Nc7 Nxc7 24.Rc1 Bxd6 25.Rxc4 Bxc4 26.Rf4 Bxf4 27.Qe7+ Kc8
28.Bxf4 Ne6 29.Qb4 Bd5 30.Bd6 Rd8 31.Kg1 Bc6 32.a5 Ra6 33.Be5 Rd1+ 34.Kf2 Rd5
35.Qb8+ Kd7 36.Bc3 Ra8 37.Qb1 g6 38.g4 hxg4 39.hxg4 Nc5 40.Kg1 Ne4 41.Be1 Rdxa5
42.Bxa5 Rxa5 43.Qf1 Nd6 44.Qf6  0-1

[Event "ch-ROU m"]
[Site "Baile Olanesti ROU"]
[Date "2010.02.05"]
[Round "7"]
[White "Sofronie,I"]
[Black "Manolache,M"]
[Result "1/2-1/2"]
[WhiteElo "2457"]
[BlackElo "2539"]

1.e4 c5 2.Nf3 e6 3.d4 cxd4 4.Nxd4 a6 5.Bd3 Bc5 6.Nb3 Be7 7.Qg4 g6 8.Qe2 d6
9.a4 Nc6 10.O-O Nf6 11.Bh6 e5 12.Bg7 Rg8 13.Bxf6 Bxf6 14.Nc3 Be6 15.Bc4 Rc8
16.Nd5 Nb4 17.c3 Nxd5 18.Bxd5 Bxd5 19.exd5 Kf8 20.a5 Kg7 21.Rfd1 Qd7 22.Nd2 Rge8
23.Nc4 Qb5 24.b3 e4 25.Qc2 Qc5 26.Re1 Rc7 27.Re2 Qxd5 28.Rd1 Qh5 29.Nxd6 Re6
30.Nxe4 Qxa5  1/2-1/2

[Event "15th HIT Open B"]
[Site "Nova Gorica SLO"]
[Date "2010.02.05"]
[Round "8"]
[White "Vodopivec,V"]
[Black "Muzzolini,C"]
[Result "1-0"]
[WhiteElo "2052"]
[BlackElo "1811"]

1.e4 c5 2.Nf3 e6 3.d4 cxd4 4.Nxd4 a6 5.Bd3 Nc6 6.Be3 Nf6 7.O-O Ne5 8.Nc3 Be7
9.Be2 b5 10.f4 Nc4 11.Bxc4 bxc4 12.e5 Nd5 13.Nxd5 exd5 14.Nf5 Bb7 15.Nxg7+ Kf8
16.Nf5 h5 17.Bd4 Rb8 18.c3 Rh7 19.Qc2 Kg8 20.Rae1 Bf8 21.Rf3 h4 22.Rh3 Bc8
23.Nd6 Qe7 24.Ba7 Ra8 25.Bf2 Qe6 26.f5 Qe7 27.f6 Qe6 28.Rxh4 Rxh4 29.Bxh4 Qg4
30.Re3 Qh5 31.Rg3+ Kh8 32.Rh3 Bh6 33.Bg5  1-0

[Event "TCh-Eur Seniors"]
[Site "Dresden GER"]
[Date "2010.02.12"]
[Round "3"]
[White "Micheel,P"]
[Black "Ehlert,J"]
[Result "1/2-1/2"]
[WhiteElo "1943"]
[BlackElo "2009"]

1.e4 c5 2.Nf3 e6 3.d4 cxd4 4.Nxd4 a6 5.Bd3 Nf6 6.O-O d6 7.Qe2 Nc6 8.Nxc6 bxc6
9.Nd2 Be7 10.Kh1 O-O 11.Nb3 e5 12.f3 a5 13.Be3 Rb8 14.Rab1 Be6 15.Rfd1 Qc7
16.c4 a4 17.Nd2 d5 18.cxd5 cxd5 19.Rdc1 Qd7 20.exd5 Nxd5 21.Bc4 Nxe3 22.Qxe3 Bf5
23.Ne4 Qd4 24.Qxd4 exd4 25.b3 Rfc8 26.Rd1 Bxe4  1/2-1/2

[Event "Cotroceni Women"]
[Site "Bucharest ROU"]
[Date "2010.02.13"]
[Round "4"]
[White "Melia,S"]
[Black "Peptan,C"]
[Result "1/2-1/2"]
[WhiteElo "2431"]
[BlackElo "2411"]

1.e4 c5 2.Nf3 e6 3.d4 cxd4 4.Nxd4 a6 5.Bd3 Qc7 6.Qe2 d6 7.O-O Nf6 8.c4 g6
9.Nc3 Bg7 10.Nf3 Nbd7 11.Bf4 Nh5 12.Bd2 O-O 13.Rac1 b6 14.Rfd1 Bb7 15.Bb1 Rac8
16.b3 Rfe8 17.Ng5 h6 18.Nh3 Qb8 19.Nf4 Nhf6 20.Be3 Red8 21.Nh3  1/2-1/2

[Event "Cotroceni Women"]
[Site "Bucharest ROU"]
[Date "2010.02.14"]
[Round "5"]
[White "Gara,A"]
[Black "Muzychuk,M"]
[Result "0-1"]
[WhiteElo "2370"]
[BlackElo "2447"]

1.e4 c5 2.Nf3 e6 3.d4 cxd4 4.Nxd4 a6 5.Bd3 Bc5 6.Nb3 Ba7 7.Qg4 Nf6 8.Qg3 d6
9.Nc3 Nc6 10.Bg5 h6 11.Bd2 Nh5 12.Qf3 Nf6 13.O-O-O Ne5 14.Qg3 Nxd3+ 15.Qxd3 e5
16.f3 Be6 17.Be1 Ke7 18.Kb1 Rc8 19.g4 b5 20.h4 Bb6 21.Bg3 Bc4 22.Qd2 a5 23.Nc1 b4
24.Nd5+ Nxd5 25.exd5 Rc5 26.Qh2 Bxd5 27.Rhe1 Kf8 28.Nd3 Rb5 29.Qe2 Qe8 30.Nf4 Bc6
31.Nh5 Bc7 32.Qf1 g6 33.Nf6 Qe6 34.Ne4 Rd5 35.Qe2 Kg7 36.g5 Rxd1+ 37.Rxd1 Bxe4
38.gxh6+ Rxh6 39.fxe4 Bb6 40.Qd3 Bc5 41.c3 Rh8 42.Be1 Qg4 43.Rc1 f5 44.cxb4 axb4
45.Rc4 fxe4 46.Rxe4 Qf5 47.Qd5 Rc8 48.Bd2 Be3 49.Qb7+ Kf6  0-1

[Event "Open"]
[Site "Novy Bor CZE"]
[Date "2010.02.14"]
[Round "2"]
[White "Marchadour,E"]
[Black "Loktiev,I"]
[Result "1/2-1/2"]
[WhiteElo "2068"]
[BlackElo "2243"]

1.e4 c5 2.Nf3 e6 3.d4 cxd4 4.Nxd4 a6 5.Bd3 Qc7 6.O-O Nf6 7.c4 Be7 8.Nc3 d6
9.Be3 Nbd7 10.f4 h5 11.Kh1 b6 12.Bg1 Bb7 13.f5 Nf8 14.Qa4+ N6d7 15.fxe6 fxe6
16.Rxf8+ Bxf8 17.Nxe6 Qc6 18.Qxc6 Bxc6 19.Nc7+ Kd8 20.Nxa8 Bxa8 21.Nd5 Bxd5
22.exd5 Kc7 23.b4 Be7 24.Bd4 Ne5 25.Be2 Bf6 26.Rf1 h4 27.c5 bxc5 28.bxc5 dxc5
29.Bxc5 Rb8 30.d6+ Kd8 31.Bxa6 Ra8 32.Bb5 Nd7 33.Bxd7 Kxd7 34.a3 Rc8 35.Bb4 Rc2
36.h3 Kc6 37.Rd1 Kd7 38.Kg1 Be5 39.Rd2 Rc1+ 40.Kf2 Bc3 41.Rd3 Bxb4 42.axb4 Rc4
43.b5 Rb4 44.Rd5 Rb2+ 45.Kf3 Rb3+ 46.Ke4 Rb2 47.Kf3 Rb3+ 48.Ke4 Rb2  1/2-1/2

[Event "TCh-SUI NatLigaA"]
[Site "Switzerland SUI"]
[Date "2010.02.14"]
[Round "1"]
[White "Lehmann,Marc"]
[Black "Lamoureux,C"]
[Result "1/2-1/2"]
[WhiteElo "2296"]
[BlackElo "2353"]

1.e4 c5 2.Nf3 e6 3.d4 cxd4 4.Nxd4 a6 5.Bd3 Bc5 6.c3 Nc6 7.Be3 Qb6 8.Qb3 Qc7
9.Nd2 Nf6 10.Be2 d6 11.O-O O-O 12.Qd1 Ba7 13.Nc2 Bxe3 14.Nxe3 b6 15.f4 Bb7
16.Bd3 Rad8 17.Qe2 Ne7 18.c4 Nc6 19.Rac1 Qb8 20.Rce1 Rd7 21.Qf2 Qd8 22.a3 g6
23.b4 Ne8 24.b5 Ne7 25.bxa6 Bxa6 26.f5 Nf6 27.Nf3 Nc6 28.Bc2 Ne5 29.Nd4 Qe7
30.Qh4 Rc7 31.Qh3 Bxc4 32.Rf4 g5 33.Rf2 Kh8 34.fxe6 fxe6 35.Nxc4 Rxc4 36.Qxe6 Qd8
37.Nf5 Nfg4 38.Rd2 Rf6  1/2-1/2

[Event "Cotroceni Women"]
[Site "Bucharest ROU"]
[Date "2010.02.15"]
[Round "6"]
[White "Gara,A"]
[Black "Peptan,C"]
[Result "1/2-1/2"]
[WhiteElo "2370"]
[BlackElo "2411"]

1.e4 c5 2.Nf3 e6 3.d4 cxd4 4.Nxd4 a6 5.Bd3 Qc7 6.O-O Nf6 7.Qe2 d6 8.c4 g6
9.Nc3 Bg7 10.Nf3 Nc6 11.Bf4 Nd7 12.Rac1 Nce5 13.Rfd1 O-O 14.b3 b6 15.Bb1 Re8
16.Nxe5 Nxe5 17.Qd2 Rd8 18.Bg5 Rd7 19.h3 Qb8 20.Be3 b5 21.cxb5 axb5 22.Bd4 f6
23.f4 Nc6 24.Be3 Ne7 25.Bd3 f5 26.Nxb5 fxe4 27.Bxe4 d5 28.Bd3 d4 29.Bf2 Nd5
30.Nxd4 Nxf4 31.Bc4 Ba6 32.Qc2 Bxc4 33.bxc4 Qb7 34.Be3 e5 35.Bxf4 exd4 36.c5 Qc6
37.Rd3 Rda7 38.Qc4+ Kh8 39.Rc2 Qe4 40.Rf3 Ra4 41.Qd3 R4a7 42.Qc4  1/2-1/2

[Event "Open"]
[Site "Novy Bor CZE"]
[Date "2010.02.15"]
[Round "3"]
[White "Oresky,J"]
[Black "Suchomel,A"]
[Result "1-0"]
[WhiteElo "2144"]
[BlackElo "1910"]

1.e4 c5 2.Nf3 e6 3.d4 cxd4 4.Nxd4 a6 5.Bd3 Qc7 6.Nc3 Nf6 7.Qe2 d6 8.Be3 Nc6
9.Nb3 Be7 10.f4 b5 11.a3 Bb7 12.g4 Nd7 13.O-O Nc5 14.g5 Nxd3 15.cxd3 Nd8
16.Rac1 Qd7 17.Na5 Rc8 18.Nxb7 Nxb7 19.b4 f6 20.f5 O-O 21.g6 Rfe8 22.Qh5 h6
23.fxe6 Qxe6 24.Nd5 Rxc1 25.Rxc1 Bf8 26.Rc7 Nd8 27.Bd4 Be7 28.Qf3 Kh8 29.h3 Kg8
30.Kg2 Kf8 31.Qf5 Kg8 32.Qxe6+ Nxe6 33.Rxe7 Rxe7 34.Nxe7+ Kf8 35.Nf5 Nf4+
36.Kf3 Nxg6 37.Nxd6  1-0

[Event "US Amateur Team-ch East"]
[Site "Parsippany USA"]
[Date "2010.02.15"]
[Round "6"]
[White "Mirabile,T"]
[Black "Hua,D"]
[Result "1/2-1/2"]
[WhiteElo "2175"]
[BlackElo "1853"]

1.e4 c5 2.Nf3 e6 3.d4 cxd4 4.Nxd4 a6 5.Bd3 Qc7 6.O-O Nf6 7.Qe2 d6 8.c4 Be7
9.Nc3 Nbd7 10.Kh1 Ne5 11.f4 Nxd3 12.Qxd3 Nd7 13.Nf3 b6 14.e5 Bb7 15.f5 Nc5
16.Qe2 dxe5 17.Nxe5 O-O 18.fxe6 Nxe6 19.Nd5 Bxd5 20.cxd5 Nd4 21.Qe4 Bd6 22.Ng4 Nc2
23.Nf6+ gxf6 24.Bh6 Kh8 25.Bxf8 Nxa1 26.Bxd6 Qxd6 27.Rxa1 Rd8 28.Rd1 Qe5
29.Qd4 Rd6 30.Qd2 Kg7 31.h3 f5 32.a4 f4 33.b3 h6 34.Qd3 a5 35.Qf3 Qe3 36.Qxe3  1/2-1/2

[Event "NordWest-Cup"]
[Site "Bad Zwischenahn GER"]
[Date "2010.02.18"]
[Round "1"]
[White "Juilfs,G"]
[Black "Manolache,M"]
[Result "1/2-1/2"]
[WhiteElo "2041"]
[BlackElo "2539"]

1.e4 c5 2.Nf3 e6 3.d4 cxd4 4.Nxd4 a6 5.Bd3 d6 6.O-O g6 7.c4 Bg7 8.Be3 Nf6
9.Nc3 O-O 10.f3 Nbd7 11.Qd2 Re8 12.Rad1 Ne5 13.Be2 Qc7 14.b3 Bd7 15.Nc2 d5
16.exd5 exd5 17.Nxd5 Nxd5 18.cxd5 Rac8 19.Rc1 Qd6 20.Bf4 h5 21.Kh1 Rc5 22.Ne3 Rxc1
23.Qxc1 Qf6 24.Nc4 Nxc4 25.Bxc4 Qf5 26.Rd1 h4 27.h3 Rc8 28.Qe3 b5 29.Bf1 Re8
30.Qd2 Bf6 31.d6 Re6 32.a4 bxa4 33.bxa4 Bxa4 34.Rc1 Bd7 35.Bxa6 Be5 36.Bxe5 Rxe5
37.Rd1 Ba4 38.Ra1 Rd5 39.Qb4 Bd7 40.Rc1 Qf6 41.Bc8 Rxd6 42.Bxd7 Rxd7 43.Re1 Rd4
44.Qb8+ Kh7 45.Qe5 Qd8 46.Qe7 Qxe7 47.Rxe7 Kg7 48.Kg1 Kf6 49.Re2 Kg5 50.Kf2 Kf4
51.Ra2 f5 52.Rb2 g5 53.Ra2 Rb4 54.Rc2 Ra4 55.Rb2 Rc4  1/2-1/2

[Event "Brazil Open"]
[Site "Rio de Janeiro BRA"]
[Date "2010.02.20"]
[Round "3"]
[White "Campos,Ale"]
[Black "Juliani,S"]
[Result "1-0"]
[WhiteElo "2181"]
[BlackElo "1830"]

1.e4 c5 2.Nf3 e6 3.d4 cxd4 4.Nxd4 a6 5.Bd3 Qc7 6.O-O Nc6 7.Nxc6 dxc6 8.Nc3 e5
9.f4 exf4 10.Bxf4 Qb6+ 11.Kh1 Be6 12.Na4 Qa5 13.b3 Nf6 14.c4 Be7 15.Qc2 Qh5
16.Nc3 Rd8 17.e5 Ng4 18.Be2 Bf5 19.Qc1 Bd3 20.Bxg4 Qxg4 21.Rf3 O-O 22.Qe3 Bg6
23.h3 Qf5 24.Qb6 Rd7 25.Re1 Qe6 26.Rff1 Rfd8 27.Rd1 h5 28.Qg1 Bb4 29.Rxd7 Rxd7
30.Ne2 Be4 31.Kh2 Bd3 32.Qe3 f6 33.Rd1 fxe5 34.Bxe5 Bd6 35.Rxd3 Qxe5+ 36.g3 Qxe3
37.Rxe3 Rf7 38.Kg2 Bc5 39.Re8+ Kh7 40.Nf4 g5 41.Re5 gxf4 42.Rxh5+ Kg6 43.Rxc5 fxg3
44.Kxg3 Rd7  1-0

[Event "ch-IND National Teams"]
[Site "Gurgaon IND"]
[Date "2010.02.21"]
[Round "1"]
[White "Bharat,B"]
[Black "Maheswaran,P"]
[Result "1/2-1/2"]
[WhiteElo "1785"]
[BlackElo "2355"]

1.e4 c5 2.Nf3 e6 3.d4 cxd4 4.Nxd4 a6 5.Bd3 Nf6 6.O-O Qc7 7.Be3 Nc6 8.Nxc6 Qxc6
9.Nd2 d6 10.f4 Be7 11.Kh1 O-O 12.e5 Nd5 13.Bd4 f5 14.exf6 Bxf6 15.Qh5 h6
16.Bxf6 Nxf6 17.Qg6 Qe8 18.Nc4 Qxg6 19.Bxg6 Rd8 20.Nb6 Rb8 21.Rae1 Bd7 22.Nxd7 Nxd7
23.Bh5 e5 24.Rd1 Nf6 25.Bg6 Rbc8 26.Bf5 Rb8 27.c4 Kf7 28.g4 g5 29.fxe5 dxe5
30.Kg2 Ke7 31.Rfe1 Rxd1 32.Rxd1 b6 33.Kf3 Rb7 34.b3 Rc7 35.Re1 Kd6 36.Rd1+ Ke7
37.Re1 Kd6 38.Rd1+ Ke7  1/2-1/2

[Event "Brazil Open"]
[Site "Rio de Janeiro BRA"]
[Date "2010.02.21"]
[Round "4"]
[White "Proudian,Armen"]
[Black "Chiari,A"]
[Result "1/2-1/2"]
[WhiteElo "2025"]
[BlackElo "1886"]

1.e4 c5 2.Nf3 e6 3.d4 cxd4 4.Nxd4 a6 5.Bd3 Bc5 6.Nb3 Ba7 7.Qe2 d6 8.Be3 Bxe3
9.Qxe3 Nd7 10.Nc3 Ngf6 11.O-O b5 12.Qg3 Ne5 13.f4 Nxd3 14.cxd3 O-O 15.Kh1 b4
16.Ne2 e5 17.Rad1 Qe7 18.Na5 Bg4 19.Rde1 Bxe2 20.Rxe2 Nh5 21.Qg5 Qxg5 22.fxg5 Nf4
23.Rd2 Ne6 24.Nb7 Nxg5 25.Nxd6 Rad8 26.Nc4 f6 27.Rfd1 Ne6 28.Ne3 Kf7 29.Kg1 Rd7
30.Kf2 Rfd8 31.Nc2 a5 32.Ke3 Nd4 33.Nxd4 exd4+ 34.Ke2 Rc7 35.Rf1 Rc5 36.Rf5 Rxf5
37.exf5 Rd5 38.g4 g6 39.fxg6+ Kxg6 40.Kf3 Re5 41.Kg3 h5 42.Kf4 hxg4 43.Kxg4 Re3
44.Kf4 a4 45.b3 axb3 46.axb3 Re1 47.Rg2+ Kh7 48.Rb2 Kg6  1/2-1/2

[Event "ch-IND National Teams"]
[Site "Gurgaon IND"]
[Date "2010.02.22"]
[Round "3"]
[White "Godbole,A"]
[Black "Singh,PK"]
[Result "0-1"]
[WhiteElo "1830"]
[BlackElo "2179"]

1.e4 c5 2.Nf3 e6 3.d4 cxd4 4.Nxd4 a6 5.Bd3 Nc6 6.Nf3 Nf6 7.Qe2 d6 8.O-O Be7
9.c4 Nb4 10.Nc3 Nxd3 11.Qxd3 Qc7 12.Bf4 Nd7 13.b3 O-O 14.Rac1 b6 15.Rfd1 Ne5
16.Qe2 Rd8 17.Nd4 Bb7 18.Be3 Rab8 19.f3 Nd7 20.Nc2 b5 21.Nd4 b4 22.Na4 Nc5
23.Nb2 g6 24.Nd3 e5 25.Nc2 a5 26.Bf2 Ne6 27.Ne3 Nd4 28.Qb2 Bg5 29.Rb1 f5
30.Nd5 Qg7 31.f4 Bf6 32.fxe5 dxe5 33.Nc5 Bc8 34.Kh1 Nc6 35.Rd3 Bg5 36.Rbd1 Rf8
37.Bg3 f4 38.Bf2 Bg4 39.Rf1 f3 40.gxf3 Bxf3+ 41.Rxf3 Rxf3 42.Ne6 Qh6 43.Qe2 Rf7
44.Rg1 Bf4 45.Nexf4 exf4 46.e5 Re8 47.e6 Rf5 48.e7 g5 49.Qd3 Qg6 50.Bc5 Re5
51.Qxg6+ hxg6 52.Nf6+ Kf7 53.Nxe8 Rxc5 54.Nc7 Nxe7 55.Nb5 Re5 56.Nd4 Nf5
57.Nf3 Re2 58.Nxg5+ Kf6 59.Nh3 f3 60.Rf1 Nd4 61.Ng1 Re3 62.Rf2 Ke5 63.h3 g5
64.Kh2 Kf4 65.Rb2 Re1 66.Rf2 Ke3  0-1

[Event "Reykjavik Open"]
[Site "Reykjavik ISL"]
[Date "2010.02.24"]
[Round "1"]
[White "Botheim,T"]
[Black "Sachdev,T"]
[Result "0-1"]
[WhiteElo "1944"]
[BlackElo "2398"]

1.e4 c5 2.Nf3 e6 3.d4 cxd4 4.Nxd4 a6 5.Bd3 Nf6 6.O-O Qc7 7.Qe2 d6 8.Nc3 Nbd7
9.Nb3 Be7 10.f4 b5 11.a3 Bb7 12.Be3 O-O 13.g4 Nc5 14.Nxc5 dxc5 15.Qg2 Rfd8
16.g5 Nd7 17.f5 c4 18.Be2 Bc5 19.Qf2 exf5 20.Bxc5 Nxc5 21.Qxf5 Rd2 22.Rad1 Nxe4
23.Rxd2 Nxd2 24.Rf2 Re8 25.Nd5 Bxd5 26.Qxd5 Ne4 27.Rf1 Nxg5 28.Bh5 h6 29.h4 Qg3+
30.Qg2 Qxh4  0-1

[Event "Reykjavik Open"]
[Site "Reykjavik ISL"]
[Date "2010.02.24"]
[Round "1"]
[White "Bjornsson,T"]
[Black "Kveinys,A"]
[Result "0-1"]
[WhiteElo "2155"]
[BlackElo "2536"]

1.e4 c5 2.Nf3 e6 3.d4 cxd4 4.Nxd4 a6 5.Bd3 Nf6 6.O-O Qc7 7.c4 Nc6 8.Nxc6 dxc6
9.Nd2 e5 10.Nf3 Bc5 11.Qe2 Bg4 12.Be3 Bxe3 13.Qxe3 Bxf3 14.Qxf3 c5 15.g4 O-O
16.Rfe1 Rad8 17.Re3 Rd4 18.Bf1 Rfd8 19.a3 Nd7 20.b4 Nf8 21.Rb1 Ne6 22.h4 h6
23.bxc5 Nxc5 24.g5 R8d6 25.Qf5 hxg5 26.Qxe5 gxh4 27.Kh1 Qc6 28.Rbe1 Rd1 29.Qf5 Rxe1
30.Rxe1 Rf6 31.Qd5 Rxf2 32.Qd8+ Kh7 33.Qxh4+ Qh6 34.Qxh6+ Kxh6 35.e5 Rf4
36.Kh2 Rd4 37.Re3 g5 38.Kg3 Ne4+ 39.Kh2 g4 40.Bg2 Nc5 41.Bd5 Kg6 42.e6 fxe6
43.Bxe6 Nxe6 44.Rxe6+ Kf5 45.Re7 Rxc4 46.Rf7+ Kg5 47.Rg7+ Kf4 48.Rf7+ Ke3
49.Rxb7 Ra4 50.Kg3 Kd2 51.Rc7 a5 52.Rc5 Kd3 53.Kh4 Rxa3 54.Kxg4 a4 55.Ra5 Ra1
56.Kg3 Kc4 57.Ra8 a3 58.Rc8+ Kb3 59.Rb8+ Ka2 60.Kf2 Rb1 61.Ra8 Kb2 62.Rb8+ Ka1
63.Ra8 a2 64.Re8 Kb2 65.Re2+ Kb3  0-1

[Event "Reykjavik Open"]
[Site "Reykjavik ISL"]
[Date "2010.02.25"]
[Round "2"]
[White "Jonsson,Ol"]
[Black "Ni,V"]
[Result "0-1"]
[WhiteElo "1872"]
[BlackElo "2162"]

1.e4 c5 2.Nf3 e6 3.d4 cxd4 4.Nxd4 a6 5.Bd3 Bc5 6.Nb3 Ba7 7.O-O Ne7 8.Nc3 d6
9.Kh1 O-O 10.f4 f5 11.Qe2 Nbc6 12.a3 b5 13.Bd2 b4 14.Na2 bxa3 15.bxa3 a5
16.Nc3 Nd4 17.Nxd4 Bxd4 18.Rab1 d5 19.exf5 Nxf5 20.Nb5 Bc5 21.Qe5 Rf6 22.Rf3 Bd7
23.a4 Bxb5 24.Bxb5 Nd4 25.Rg3 Qe7 26.Bd3 Nc6 27.Qe2 Raf8 28.Bc3 Nd4 29.Qh5 g6
30.Qg5 Rxf4 31.Qh6 Rh4 32.Qd2 Bd6 33.Rh3 Rxh3 34.gxh3 Qh4 35.Rb7 Rf2 36.Qe3 Rxh2+
37.Kg1 Bf4 38.Qxd4 Qg3+ 39.Kf1 Qg2+ 40.Ke1 Rh1+  0-1